Suma teológica.

Guardat en:
Dades bibliogràfiques
Autor principal: Tomás de Aquino, Santo (autor)
Altres autors: Quiles, Ismael comp (autor) comp, (autor)
Format: Llibre
Idioma:espanyol
Edició:22a edición
Col·lecció:(Colección Austral.)
Matèries:
Etiquetes: Afegir etiqueta
Sense etiquetes, Sigues el primer a etiquetar aquest registre!

MARC

LEADER 00000nam^a2200000^u^4500
001 000518681
005 20250521000000.0
008 110825s1000^^^^^^^^^^^^r^^^^^000^0^spa^d
009 20260310130423.816
022 |a 9684134096 
035 |a FCE 000062912 
037 |a Acervo ITESO - Biblioteca 
041 |a spa 
082 0 4 |a 230.2  |b TOMs 
100 |a Tomás de Aquino, Santo  |1 225?-1274  |e (autor) 
245 1 0 |a Suma teológica. 
250 |a 22a edición 
264 |a México:  |b Espasa Calpe,  |c 2001. 
300 |a 142 p. 
336 |a texto  |b txt  |2 rdacontenido 
337 |a sin mediación  |b n  |2 rdamedio 
338 |a volumen  |b nc  |2 rdasoporte 
440 1 |a (Colección Austral.) 
596 |a Selección, introducción y notas por Ismael Quiles 
649 |a XX 
650 |a Iglesia católica 
650 |a Doctrinas 
700 |a Quiles, Ismael  |e comp  |e (autor) 
910 |a Fondo Centro de Estudios Educativos 
920 |a Impresos - Libros 
930 |a Fondos Especiales 
905 |a 133 
901 |a ALE071100  |b IT2  |c CEE  |u 20250521 
902 |a https://opac.biblio.iteso.mx/vufind/Record/000518681